| 000 | 00575nam a2200193Ia 4500 | ||
|---|---|---|---|
| 003 | IN-BaIIA | ||
| 008 | 211028s9999 xx 000 0 eng d | ||
| 020 | _a1-84265-159-5 | ||
| 040 | _cIIA Library | ||
| 080 |
_a535.31 _bKRA |
||
| 100 |
_aKravtsov, Yury A. _930308 |
||
| 245 | 0 |
_aGeometrical optics in engineering physics _cYury A. Kravtsov |
|
| 260 |
_aHarrow _bAlpha Science International _c2005 |
||
| 300 | _axix, 355p. | ||
| 650 |
_aGeometrical optics _92023 |
||
| 650 | _aOptics | ||
| 650 |
_aWave theory _910286 |
||
| 942 | _cBK | ||
| 999 |
_c16359 _d16359 |
||